Sermon on the Mount / (Record no. 4442)
[ view plain ]
| 000 -LEADER | |
|---|---|
| fixed length control field | 00437nam a22001697a 4500 |
| 003 - CONTROL NUMBER IDENTIFIER | |
| control field | GBCCL |
| 005 - DATE AND TIME OF LATEST TRANSACTION | |
| control field | 20241126110518.0 |
| 008 - FIXED-LENGTH DATA ELEMENTS--GENERAL INFORMATION | |
| fixed length control field | 180122b xxu||||| |||| 00| 0 eng d |
| 040 ## - CATALOGING SOURCE | |
| Transcribing agency | gbc |
| 082 ## - DEWEY DECIMAL CLASSIFICATION NUMBER | |
| Classification number | 226.9 |
| Item number | BOR |
| 100 ## - MAIN ENTRY--PERSONAL NAME | |
| Personal name | Bornhouser, K. |
| 9 (RLIN) | 8313 |
| 245 ## - TITLE STATEMENT | |
| Title | Sermon on the Mount / |
| Statement of responsibility, etc. | K. Bornhouser |
| 250 ## - EDITION STATEMENT | |
| Edition statement | 2nd Ed. |
| 300 ## - PHYSICAL DESCRIPTION | |
| Extent | 174 p.; |
| Dimensions | 20 cm. |
| 650 ## - SUBJECT ADDED ENTRY--TOPICAL TERM | |
| Topical term or geographic name entry element | Bible |
| Form subdivision | New Testament |
| General subdivision | Sermon on the Mount |
| 9 (RLIN) | 8296 |
| 942 ## - ADDED ENTRY ELEMENTS (KOHA) | |
| Source of classification or shelving scheme | Dewey Decimal Classification |
| Koha item type | Books |
| Koha issues (borrowed), all copies | 1 |
| Withdrawn status | Lost status | Source of classification or shelving scheme | Damaged status | Not for loan | Home library | Current Library | Shelving location | Date acquired | Total checkouts | Total renewals | Full call number | Barcode | Date last seen | Date last checked out | Copy number | Price effective from | Koha item type |
|---|---|---|---|---|---|---|---|---|---|---|---|---|---|---|---|---|---|
| Dewey Decimal Classification | GRACE BIBLE COLLEGE | GRACE BIBLE COLLEGE | Biblical Studies | 2018-01-22 | 3 | 1 | 226.9 BOR | 005550 | 2025-05-01 | 2025-02-17 | c.1 | 2018-01-22 | Books |